00372nam a2200097Ia 4500008004100000100001500041245010400056942000600160952009300166999001500259240331s9999 xx 000 0 und d aLiyanage,K 0aIlangayin Ulluratchi Mandrangalil Penkalin Arasiyal Prathinithithuvam :bSavaalkalum Ethirppugalum  cL 001040708LaWERCLbWERCLcSSCd2024-03-31l0o323.34p6803r2024-03-31w2024-03-31yL c5807d5807